03101cam a2200397 i 450000100090000000300050000900500170001400800410003101000170007202000180008903500240010704000290013104200140016005000250017408200240019910000300022324500680025325000200032126400450034126400110038630000460039733600210044333700250046433800230048950000390051250000200055150507130057152010250128465000510230965000630236065500440242390600450246794200470251295201270255999900170268622160997CSPC20241011095332.0210802t20222022maua 001 0 eng d a 2021944226 a9780357678091 a(OCoLC)on1346426398 aA1AbengcA1AdDLCeCSPC alccopycat00aTK5105.59b.C53 202204a005.8076223bC481c1 aCiampa, Mark D.,eauthor.10aCompTIA CySA+ :bguide to cybersecurity analyst /cMark Ciampa. aSecond edition. 1aBoston, Massachusetts:bCengage, c2022. 4c©2022 axxi, 352 :bcolor illustrations ;c28 cm. atext2rdacontent aunmediated2rdamedia avolume2rdacarrier a"Information security" - On cover. aIncludes index.0 aExternal threats and internal vulnerabilities -- Enterprise threats and vulnerabilities -- Utilizing threat data and intelligence -- Vulnerability management -- Cloud computing and assessment tools -- Controls and best practices -- Infrastructure controls -- Software and hardware assurance best practices -- Monitoring and security operations -- Security monitoring through data analysis -- Security operations -- Incident response -- planning and procedures -- Responding to a cyber incident -- Compliance -- Risk mitigation -- Data protection and privacy -- Preparing for the CompTIA CySA+ CS0-002 certification exam -- CompTIA cySA+ CS0-002 certification exam objectives -- Two rights & a wrong: answer.  a"Develop the advanced cybersecurity knowledge and skills for success on the latest CompTIA Cybersecurity Analyst certification exam (CySA+ CS0-002) with Ciampa's COMPTIA CYSA+ GUIDE TO CYBERSECURITY ANALYST (CS0-002), 2nd Edition. Updated, 'stair-stepped' content builds on material you've previously mastered as you learn to analyze and interpret threat intelligence data, identify and address both external and internal vulnerabilities and respond effectively to cyber incidents. Each module opens with an actual, recent cybersecurity event that provides context for the information that follows. Quick review questions help test your understanding as you progress through content that completely maps to the latest CySA+ CS0-002 certification. MindTap digital resources offer additional tools to boost understanding and performance. Each module culminates with hands-on Live Virtual Machine Labs that allow you to troubleshoot, practice, explore and try different solutions in a safe, sandbox environment." -- Amazon. 0aComputer securityxExaminationsvStudy guides. 7aComputer securityxExaminations.2fast0(OCoLC)fst00872489 7aStudy guides.2fast0(OCoLC)fst01423888 a7bcbcccopycatd2encipf20gy-gencatlg 2ddccBKh005.8076iC481ckGRDm2022n0e23 00102ddc4070aCSPCbCSPCcGRDd2024-10-10l0oGRD 005.8076 C481c 2022p028410r2024-10-10 09:37:05t1-1w2024-10-10yBK c28372d28372